MARC

LEADER 00000nam0a2200000 4500
001 338866
005 20231102005105.0
035 |a (RuTPU)RU\TPU\book\365370 
090 |a 338866 
100 |a 20171204d1976 km y0rusy50 ca 
101 0 |a rus 
102 |a RU 
105 |a a z 001zy 
200 1 |a Полимерные покрытия на металлах. Электрохимические и электрофизические методы нанесения  |f Л. Г. Колзунова, Н. Я. Коварский  |g Академия наук СССР (АН СССР), Дальневосточный научный центр (ДНЦ), Институт химии 
210 |a Москва  |c Наука  |d 1976 
215 |a 86 с.  |c ил. 
320 |a Библиогр.: с. 84-85 
606 1 |a Полимерные покрытия  |x Напыление  |x Осаждение электролитическое  |2 stltpush  |3 (RuTPU)RU\TPU\subj\50215  |9 68947 
610 1 |a электрофоретическое нанесение 
610 1 |a электроосаждение 
610 1 |a электростатическое нанесение 
610 1 |a высокое напряжение 
610 1 |a тлеющие разряды 
610 1 |a электрополимеризация 
610 1 |a мономеры 
610 1 |a растворы 
610 1 |a свойства 
610 1 |a порошки 
610 1 |a методы 
610 1 |a применение 
675 |a 678.026.3  |v 4 
700 1 |a Колзунова  |b Л. Г.  |g Лидия Глебовна 
701 1 |a Коварский  |b Н. Я.  |g Николай Яковлевич 
712 0 2 |a Академия наук СССР (АН СССР)  |b Дальневосточный научный центр (ДНЦ)  |b Институт химии  |c (Владивосток)  |2 stltpush  |3 (RuTPU)RU\TPU\col\15707 
801 1 |a RU  |b 63413507  |c 20171204 
801 2 |a RU  |b 63413507  |c 20181023  |g RCR 
942 |c BK